| 000 | 01014nam a2200301 i 4500 | ||
|---|---|---|---|
| 003 | EG-GICUC | ||
| 005 | 20260404134002.0 | ||
| 008 | 260404s1975 ua ||||fr|||| 00| 0 fre d | ||
| 040 |
_aEG-GiCUC _bfre _cEG-GiCUC _dEG-GiCUC _eRda |
||
| 041 | _afre | ||
| 082 | 0 | 4 |
_221 _a341.6 _bSY |
| 092 | 0 | 4 | _221 |
| 099 | _aLaw1 11 341.6 SY 1975 | ||
| 245 |
_aDu Symposium International Sur La Guerre D'Octobre 1973 , _nVol.1 / _cLe Secteur Militaire . |
||
| 264 |
_aCairo : _bLe Secteur Militaire , _c1975. |
||
| 300 |
_a328 page ; _c 24 cm. _billustration ; |
||
| 336 |
_2rda contenu _a texte |
||
| 337 |
_2rda medias _aOrdinateur |
||
| 338 |
_2 transporteur rda _a Ressource en ligne |
||
| 504 | _aBibliography: pages 200-250. 240-220 | ||
| 546 | _aTexte en français avec quelques passages en arabe | ||
| 650 | 1 |
_aDroit international _2qrmak |
|
| 650 | 1 |
_aDroit de la guerre _2qrmak |
|
| 651 | 1 | _2qrmak | |
| 856 | 4 | 0 | _uhttps://fll.law.cu.edu.eg/fulltext/bks/B11-07856.pdf |
| 905 | _a60 | ||
| 942 |
_2ddc _cBK _e21 _n0 |
||
| 999 |
_c68573 _d68573 |
||